Fr. Conceicao Rodrigues College of Engineering

Optimization:Linear Programming (Record no. 31279)

MARC details
000 -LEADER
fixed length control field 00371nam a2200169Ia 4500
082 ## - DEWEY DECIMAL CLASSIFICATION NUMBER
Classification number 519.3
Item number MIS
100 ## - MAIN ENTRY--PERSONAL NAME
Personal name Mishra/B.N/ Mishra/B.K
245 ## - TITLE STATEMENT
Title Optimization:Linear Programming
260 ## - PUBLICATION, DISTRIBUTION, ETC.
Name of publisher, distributor, etc. Ane Books
Date of publication, distribution, etc. 2012
366 ## - TRADE AVAILABILITY INFORMATION
Publishers's discount category 20
300 ## - PHYSICAL DESCRIPTION
Extent 308
546 ## - LANGUAGE NOTE
Language note ENGLISH
-- Info.Tech
650 ## - SUBJECT ADDED ENTRY--TOPICAL TERM
Topical term or geographic name entry element Optimization
654 ## - SUBJECT ADDED ENTRY--FACETED TOPICAL TERMS
Focus term optimization
942 ## - ADDED ENTRY ELEMENTS (KOHA)
Koha item type BOOK
Holdings
Withdrawn status Lost status Damaged status Not for loan Collection Home library Current library Date acquired Source of acquisition Cost, normal purchase price Inventory number Total Checkouts Full call number Barcode Date last seen Date last checked out Cost, replacement price Price effective from Koha item type
        CRC Fr. Agnel's C.Rodrigues College of Engineering Fr. Agnel's C.Rodrigues College of Engineering 17/03/2023 Book Service Syndicate 144.00 58 dt 11.06.2014 1 519.3 MIS 23225 24/07/2024 28/02/2024 180.00   BOOK